| 000 | 00655nam a22001457a 4500 | ||
|---|---|---|---|
| 020 | _a978-1-4424-0262-1 | ||
| 082 |
_a823 _bDIX/H |
||
| 100 | _aDIXON, FRANKLIN W | ||
| 245 | _aTHE HARDY BOYS - THE CHILDREN OF THE LOST | ||
| 260 |
_aNEW YORK _bALADDIN PAPERBACKS _c2010 |
||
| 300 | _a186 | ||
| 520 | _aThe boys go on a chilling mission—camping in the woods where children have suddenly begun to disappear. Every time a child disappears, the word "LOST" has appeared outside their tent…and they are never heard from again. The boys think they've got things covered; they're ATAC agents after all. | ||
| 650 |
_aMYSTERY STORY _zUNITED STATES |
||
| 942 | _cBK | ||
| 999 |
_c7781 _d7781 |
||